| 000 | 00945nam a2200277 a 4500 | ||
|---|---|---|---|
| 999 |
_c7281 _d7281 |
||
| 001 | 1935898 | ||
| 003 | GZU | ||
| 005 | 20210506104735.0 | ||
| 008 | 880202s1987 ilua b 000 0 eng | ||
| 010 | _a 86082219 | ||
| 020 | _a0256036322 (pbk.) | ||
| 040 |
_aDLC _cDLC _dDLC |
||
| 050 | 0 | 0 |
_aHD30.28 _b.MCC 1987 |
| 100 | 1 |
_aMcCarthy, Daniel J. _eauthor |
|
| 245 | 1 | 0 |
_aBusiness policy and strategy : _bconcepts and readings / _cDaniel J. McCarthy, Robert J. Minichiello, Joseph R. Curran. |
| 250 | _a4th ed. | ||
| 260 |
_aHomewood, Ill. : _bIrwin, _c1987. |
||
| 300 |
_axii, 528 p. : _bill. ; _c23 cm. |
||
| 440 | 0 | _aIrwin series in management and the behavioral sciences | |
| 500 | _aIncludes bibliographies. | ||
| 650 | 0 | _aStrategic planning. | |
| 700 | 1 |
_aMinichiello, Robert J. _eauthor |
|
| 700 | 1 |
_aCurran, Joseph R. _eauthor |
|
| 906 |
_a7 _bcbc _corignew _d3 _eopcn _f19 _gy-gencatlg |
||
| 942 |
_2lcc _cBK _eFourth edition _h30.28 _iMCC _kHD |
||